Design, sensitivity and Six sigma analysis of simple rubber metal bushing using FEM method
Saved in:
| Main Author: | |
|---|---|
| Other Authors: | |
| Format: | Manuscript Book |
| Language: | Slovak English |
| Published: |
2015
|
| Subjects: | |
| Online Access: | http://is.stuba.sk/zp/portal_zp.pl?podrobnosti=112918 |
| Tags: |
No Tags, Be the first to tag this record!
|
MARC
| LEADER | 00000ntm a22000003a 4500 | ||
|---|---|---|---|
| 001 | stuzp52587 | ||
| 003 | SK-STU | ||
| 005 | 20160719154223.4 | ||
| 007 | ta | ||
| 008 | 150427s2015----xo-----f-mn---000-0-slo-d | ||
| 040 | |a STU |b slo | ||
| 041 | 0 | |a eng | |
| 100 | 1 | |a Melo, Adrián |u 020030 |4 aut |U SjF Strojnícka fakulta |T SjF Ústav dopravnej techniky a konštruovania |X 43771 |U J0030 |Y 806 |7 A000043771 | |
| 242 | 0 | 1 | |a Citlivostná a six sigma analýza pri návrhu jednoduchého kovogumového dielu metódou MKP |y slo |
| 245 | 1 | 0 | |a Design, sensitivity and Six sigma analysis of simple rubber metal bushing using FEM method |
| 260 | |c 2015 | ||
| 650 | 4 | |a metóda konečných prvkov |2 slo | |
| 650 | 4 | |a silentblok |2 slo | |
| 650 | 4 | |a six sigma analýza |2 slo | |
| 650 | 4 | |a rubber-metal bushing |2 eng | |
| 650 | 4 | |a finite element method |2 eng | |
| 650 | 4 | |a six sigma analysis |2 eng | |
| 700 | 1 | |a Bucha, Jozef |4 ths |X 70878 |7 A000070878 | |
| 856 | 4 | |u http://is.stuba.sk/zp/portal_zp.pl?podrobnosti=112918 | |
| 996 | |b 284J044177 |c J* 2467/DP |l JJSK |s A |a 24 |w stuzp52587_0001 | ||
| SQL | |a stuzp52587 |b DDP |c ENG |d Design, sensitivity and Six sigma analysis of simple rubber metal bushing using FEM method |e 43771 |f Melo, Adrián |g 020030 |h 70878 |i Bucha, Jozef |j 20150618 |k 52 |l 02 |m http://is.stuba.sk/zp/portal_zp.pl?podrobnosti=112918 |n I-ALSM |o 5.2.4. motorové vozidlá, koľajové vozidlá, lode a lietadlá | ||